IFM Opac

Entreprenuership: Starting and Operating a Small Business (Record no. 20773)

MARC details
000 -LEADER
fixed length control field 00584nam a22002057a 4500
003 - CONTROL NUMBER IDENTIFIER
control field OSt
005 - DATE AND TIME OF LATEST TRANSACTION
control field 20241216090716.0
008 - FIXED-LENGTH DATA ELEMENTS--GENERAL INFORMATION
fixed length control field 220831b |||||||| |||| 00| 0 eng d
020 ## - INTERNATIONAL STANDARD BOOK NUMBER
International Standard Book Number 978-1-292-09741-1
040 ## - CATALOGING SOURCE
Transcribing agency IFM Library
082 ## - DEWEY DECIMAL CLASSIFICATION NUMBER
Classification number 338.04
100 ## - MAIN ENTRY--PERSONAL NAME
Personal name Mariotti, Steve
9 (RLIN) 7714
245 ## - TITLE STATEMENT
Title Entreprenuership: Starting and Operating a Small Business
250 ## - EDITION STATEMENT
Edition statement 4th ed.
260 ## - PUBLICATION, DISTRIBUTION, ETC.
Place of publication, distribution, etc. Harlow:
Name of publisher, distributor, etc. Pearson Education,
Date of publication, distribution, etc. 2016
300 ## - PHYSICAL DESCRIPTION
Extent 557p.:
Other physical details ill.; 27cm.
500 ## - GENERAL NOTE
General note Includes Bibliographical References and Index
700 ## - ADDED ENTRY--PERSONAL NAME
Personal name Glackin, Caroline
942 ## - ADDED ENTRY ELEMENTS (KOHA)
Koha item type Books
Source of classification or shelving scheme Dewey Decimal Classification
Suppress in OPAC No
Holdings
Withdrawn status Lost status Damaged status Not for loan Collection code Home library Current library Shelving location Date acquired Source of acquisition Total Checkouts Full call number Barcode Date last seen Date last checked out Price effective from Koha item type Source of classification or shelving scheme
        Non-fiction Geita Campus Geita Campus Geita Campus Library 08/31/2022 Purchase   338.04 MAR 0000022594 10/19/2020   02/19/2022 Books Dewey Decimal Classification
        Non-fiction Geita Campus Geita Campus Geita Campus Library 12/16/2024 Purchase   338.04 MAR 0000030755 12/16/2024   02/19/2022 Books Dewey Decimal Classification
        Non-fiction Geita Campus Geita Campus Geita Campus Library 12/16/2024 Purchase   338.04 MAR 0000030754 12/16/2024   02/19/2022 Books Dewey Decimal Classification
        Non-fiction IFM Main Campus Library IFM Main Campus Library Simiyu Campus 10/19/2020 Purchase 1 338.04 MAR 0000022590 06/17/2021 06/15/2021 02/19/2022 Books  
        Non-fiction IFM Main Campus Library IFM Main Campus Library Simiyu Campus 10/19/2020 Purchase   338.04 MAR 0000022589 10/19/2020   02/19/2022 Books  
        Non-fiction IFM Main Campus Library IFM Main Campus Library Simiyu Campus 10/19/2020 Purchase   338.04 MAR 0000022588 10/19/2020   02/19/2022 Books  
        Non-fiction IFM Main Campus Library IFM Main Campus Library Simiyu Campus 10/19/2020 Purchase   338.04 MAR 0000022591 10/19/2020   02/19/2022 Books  
        Non-fiction IFM Main Campus Library IFM Main Campus Library Simiyu Campus 10/19/2020 Purchase   338.04 MAR 0000022592 10/19/2020   02/19/2022 Books  
        Non-fiction IFM Main Campus Library Special Reserve Collection Special Reserve Collection 08/31/2022 Purchase   338.04 MAR 0000022596 10/19/2020   02/19/2022 Books Dewey Decimal Classification